La Argentina frente al Acuerdo de Libre Comercio de las Américas (Registro nro. 23203)

Detalles MARC
000 -LEADER
fixed length control field 00362 a2200109 4500
001 - CONTROL NUMBER
control field ART_10688
005 - DATE AND TIME OF LATEST TRANSACTION
control field 20260410161831.0
008 - FIXED-LENGTH DATA ELEMENTS--GENERAL INFORMATION
fixed length control field 260409a
100 1# - MAIN ENTRY--PERSONAL NAME
Personal name Jacobo, Alejandro D.
245 10 - TITLE STATEMENT
Title La Argentina frente al Acuerdo de Libre Comercio de las Américas
773 0# - HOST ITEM ENTRY
Title Actualidad Económica
Related parts - Año XIV, Nº 55 (ene./dic. 2004)
Record control number REV5083

No hay ítems disponibles.